| 000 | 00692nam a22002297a 4500 | ||
|---|---|---|---|
| 005 | 20220518111739.0 | ||
| 008 | 220518b ||||| |||| 00| 0 eng d | ||
| 020 | _a0413592200 | ||
| 040 | _cAL | ||
| 041 | _aEnglish | ||
| 082 |
_223 _a941.082 _bBUTL |
||
| 100 |
_aDavid Butler _937754 |
||
| 245 | _aLord Mountbatten: The Last Viceroy | ||
| 260 |
_aLondon _bMethuen _c1985 |
||
| 300 |
_a343 p. _bPB _c17.5x11 cm. |
||
| 650 |
_aMountbatten Louis Mountbatten Earl _937755 |
||
| 650 |
_aGreat Britain Royal Navy Biography _937756 |
||
| 650 |
_aAdmirals Great Britain Biography _937757 |
||
| 650 |
_aViceroys India Biography _937758 |
||
| 700 |
_aBUTLER (David) _937759 |
||
| 942 |
_2ddc _cGF |
||
| 999 |
_c222983 _d222983 |
||